Historia de Alejandro Magno / (Record no. 173563)

MARC details
000 -LEADER
campo de control de longitud fija 00981nam a2200277 i 4500
001 - NÚMERO DE CONTROL
campo de control 173563
003 - IDENTIFICADOR DE NÚMERO DE CONTROL
campo de control ES-MaACL
005 - FECHA Y HORA DE LA ÚLTIMA TRANSACCIÓN
campo de control 20250927160155.0
008 - DATOS DE LONGITUD FIJA--INFORMACIÓN GENERAL
campo de control de longitud fija 091209s1986 sp |||| |bspa d
020 ## - NÚMERO INTERNACIONAL ESTÁNDAR DEL LIBRO
Número Internacional Estándar del Libro 84-249-1049-4
080 ## - NÚMERO DE LA CLASIFICACIÓN DECIMAL UNIVERSAL
Número de la Clasificación Decimal Universal 929 Alejandro Magno (381)
080 ## - NÚMERO DE LA CLASIFICACIÓN DECIMAL UNIVERSAL
Número de la Clasificación Decimal Universal 94(38)"-0359/-0323"
100 1# - ENTRADA PRINCIPAL--NOMBRE DE PERSONA
Nombre de persona Curcio Rufo, Quinto.
9 (RLIN) 42203
245 10 - MENCIÓN DEL TÍTULO
Título Historia de Alejandro Magno /
Mención de responsabilidad, etc. Quinto Curcio Rufo ; introducción, traducción y notas de Francisco Pejenaute Rubio.
260 ## - PUBLICACIÓN, DISTRIBUCIÓN, ETC.
Lugar de publicación, distribución, etc. Madrid :
Nombre del editor, distribuidor, etc. Gredos,
Fecha de publicación, distribución, etc. 1986.
300 ## - DESCRIPCIÓN FÍSICA
Extensión 618 p. ;
Dimensiones 20 cm.
490 1# - MENCIÓN DE SERIE
Mención de serie Biblioteca clásica Gredos ;
Designación de volumen o secuencia 96
500 ## - NOTA GENERAL
Nota general Índice.
504 ## - NOTA DE BIBLIOGRAFÍA, ETC.
Nota de bibliografía, etc. Referencias bibliográficas.
600 04 - PUNTO DE ACCESO ADICIONAL DE MATERIA--NOMBRE DE PERSONA
Nombre de persona Alejandro Magno-
Subdivisión general Biografías.
9 (RLIN) 19704
651 #4 - PUNTO DE ACCESO ADICIONAL DE MATERIA--NOMBRE GEOGRÁFICO
Nombre geográfico Grecia-
Subdivisión general Historia-
Subdivisión cronológica 359-323 a.C., Expansión macedónica.
9 (RLIN) 162843
700 1# - ENTRADA AGREGADA--NOMBRE PERSONAL
Nombre de persona Pejenaute Rubio, Francisco,
Fechas asociadas al nombre 1932-
9 (RLIN) 162846
830 1# - PUNTO DE ACCESO ADICIONAL DE SERIE-TÍTULO UNIFORME
Título uniforme Biblioteca clásica Gredos ;
Designación de volumen o secuencia 96
9 (RLIN) 177556
852 4# - LOCALIZACIÓN
Ubicación ES-MaACL
Número de control de estantería C-57040
Holdings
Estatus retirado Estado de pérdida Estado de daño No para préstamo Biblioteca de origen Biblioteca actual Ubicación en estantería Fecha de adquisición Fuente de adquisición Total de préstamos Signatura topográfica completa Código de barras Visto por última vez Precio de reemplazo Tipo de ítem Koha
        Biblioteca del Ateneo de Madrid Biblioteca del Ateneo de Madrid Depósito 2 09/12/2009     C-57040 1182141 23/02/2023 23/02/2023 Libro impreso